[Event "EIC 67 sf1 email"]
[Site "email"]
[Date "2005.09.01"]
[Round "?"]
[White "Nitsche, Werner"]
[Black "Walk, Robert"]
[Result "1-0"]
[WhiteElo "2459"]
[BlackElo "2371"]
[PlyCount "77"]
[EventDate "2005.09.01"]
[EventType "tourn (corr)"]
[EventRounds "9"]
[SourceTitle "Corr 2024"]
[Source "ChessBase"]
[SourceDate "2023.10.19"]
[SourceVersion "1"]
[SourceVersionDate "2023.10.19"]
[SourceQuality "1"]

1. d4 Nf6 2. c4 g6 3. Nc3 Bg7 4. e4 d6 5. Nf3 0-0 6. Be2 e5 7. 0-0 Nc6 8. d5 Ne7 9. Ne1 Nd7 10. Be3 f5 11. f3 f4 12. Bf2 g5 13. a4 a5 14. Nd3 b6 15. b4 axb4 16. Nxb4 Nf6 17. Nd3 Bd7 18. a5 bxa5 19. c5 Be8 20. Nb2 dxc5 21. Nc4 Kh8 22. Qc2 g4 23. fxg4 c6 24. d6 Nc8 25. Rfd1 Nd7 26. Na4 Bf7 27. Nxc5 Nxc5 28. Bxc5 Bxc4 29. Bxc4 Qd7 30. g5 Rd8 31. Qc3 a4 32. Rd2 Re8 33. Kh1 Rd8 34. Rc1 Na7 35. Qf3 Nb5 36. Qh5 Rf8 37. g6 h6 38. g4 Qd8 39. d7 1-0

[Event "EIC 67 sf1 email"]
[Site "email"]
[Date "2005.09.01"]
[Round "?"]
[White "Walk, Robert"]
[Black "Daubenfeld, Nico"]
[Result "1/2-1/2"]
[WhiteElo "2371"]
[BlackElo "2309"]
[PlyCount "68"]
[EventDate "2005.09.01"]
[EventType "tourn (corr)"]
[EventRounds "9"]
[SourceTitle "Corr 2024"]
[Source "ChessBase"]
[SourceDate "2023.10.19"]
[SourceVersion "1"]
[SourceVersionDate "2023.10.19"]
[SourceQuality "1"]

1. e4 c5 2. Nf3 d6 3. d4 cxd4 4. Nxd4 Nf6 5. Nc3 a6 6. Bg5 e6 7. f4 Be7 8. Qf3 Qc7 9. 0-0-0 Nbd7 10. g4 b5 11. Bxf6 Bxf6 12. g5 Bxd4 13. Rxd4 Bb7 14. Be2 0-0 15. Rhd1 Nb6 16. Rxd6 Nd5 17. e5 Rac8 18. a3 Nxc3 19. Qxc3 Qxc3 20. bxc3 Rxc3 21. R1d3 Rc5 22. R3d4 Bc6 23. Kb2 a5 24. h4 g6 25. h5 gxh5 26. Bxh5 Kg7 27. Rd8 Rxd8 28. Rxd8 Be4 29. c3 Rc7 30. Rd4 Bc6 31. Be2 h6 32. gxh6+ Kxh6 33. c4 bxc4 34. Rxc4 Rb7+ 1/2-1/2